Famosos por letra - O - Estadísticas

Estadísticas generales
  • Esta prueba ha sido intentada 58 veces
  • La puntuación promedio es 5 de 16
Estadísticas de respuestas
Imagen Respuesta % Correcto
Olivia Rodrigo
83%
Orlando Bloom
62%
Oprah Winfrey
57%
Oliver Kahn
53%
Oscar Wilde
40%
Owen Wilson
40%
Olivia Newton-John
34%
Olivia Colman
19%
Octavi Pujades
17%
Octavia Spencer
13%
Olly Murs
13%
Octavio Paz
9%
Orson Welles
9%
Oscar de la Renta
6%
Olimpia de Grecia
4%
Oliver Sykes
4%
No se encontraron pruebas coincidentes
Distribución de puntuación
Porcentaje de gente con cada puntuación
Porcentaje por número respondido
Historial de tus puntuaciones
No has intentado esta prueba.